[Event "Junior Online 4NCL Division 2"]
[Site "online"]
[Date "2020.10.29"]
[Round "6.14"]
[White "Valanju, Samit"]
[Black "Shatapathy, Shrimukund"]
[Result "1-0"]
[WhiteElo "1397"]
[BlackElo "1150"]
[PlyCount "71"]
[EventDate "2020.10.29"]
[WhiteTeam "May The Fork Be With You 2"]
[BlackTeam "Harrow Juniors D"]

1. e4 e5 2. Nf3 Nc6 3. d4 exd4 4. Nxd4 Bb4+ 5. c3 Bc5 6. Be3 Ne5 7. Nd2 d6 8.
Bc4 d5 9. exd5 Ng4 10. O-O Qh4 11. h3 N4f6 12. N2f3 Qh5 13. Be2 Bxh3 14. Ng5
Qg6 15. Nxh3 Ng4 16. Bxg4 Nf6 17. Bf5 Qxg2+ 18. Kxg2 g6 19. Bd3 Nh5 20. c4 O-O
21. Nf4 Nf6 22. a3 Bxd4 23. Bxd4 Rfe8 24. Re1 Rxe1 25. Qxe1 Ng4 26. Bxa7 Rxa7
27. Qe8+ Kg7 28. f3 Nh6 29. Qe5+ f6 30. Qxc7+ Kf8 31. Ne6+ Ke8 32. Qd8+ Kf7 33.
Re1 b5 34. cxb5 f5 35. b6 Re7 36. Qf8# 1-0

[Event "Junior Online 4NCL Division 2"]
[Site "online"]
[Date "2020.10.29"]
[Round "6.15"]
[White "Shah, Rahul"]
[Black "Karjodkar, Praneeta"]
[Result "1-0"]
[WhiteElo "1502"]
[BlackElo "1202"]
[PlyCount "69"]
[EventDate "2020.10.29"]
[WhiteTeam "May The Fork Be With You 2"]
[BlackTeam "Harrow Juniors D"]

1. d4 d5 2. c4 Nf6 3. Nc3 Nc6 4. Nf3 Bf5 5. Bg5 h6 6. Bxf6 exf6 7. e3 Nb4 8.
Qa4+ Nc6 9. cxd5 Bd6 10. dxc6 O-O 11. cxb7 Rb8 12. Qxa7 c6 13. Be2 Qe7 14. O-O
Rxb7 15. Qa4 Qe6 16. Bc4 Qe7 17. Be2 Qe6 18. b3 Be4 19. Nxe4 Qxe4 20. Rac1 Rc8
21. Qa6 Rbc7 22. Qd3 Qg4 23. Ne5 Qh4 24. Nf3 Qh5 25. e4 Bf4 26. Rc5 g5 27. g3
Qh3 28. gxf4 Qg4+ 29. Kh1 Qxf4 30. Rf5 Qd6 31. e5 Qe7 32. Rxf6 Rd8 33. Rxh6 c5
34. Qh7+ Kf8 35. Qh8# 1-0

[Event "Junior Online 4NCL Division 2"]
[Site "online"]
[Date "2020.10.29"]
[Round "6.17"]
[White "Salussolia, Louis"]
[Black "Evans, Joseph"]
[Result "1-0"]
[WhiteElo "1427"]
[BlackElo "1135"]
[PlyCount "59"]
[EventDate "2020.10.29"]
[WhiteTeam "May The Fork Be With You 2"]
[BlackTeam "Harrow Juniors D"]

1. e4 c5 2. d4 cxd4 3. c3 dxc3 4. Nxc3 Nc6 5. Nf3 g6 6. Bc4 e6 7. O-O Bg7 8.
Qe2 Nge7 9. Rd1 O-O 10. e5 Qc7 11. Bg5 Re8 12. Nb5 Qb8 13. Nd6 Nxe5 14. Nxe5
Qxd6 15. Rxd6 Bxe5 16. Qxe5 b5 17. Bh6 Nf5 18. Bd3 Nxh6 19. Be4 Rb8 20. Rd3 Ng4
21. Qxb8 Nf6 22. Rc3 Rf8 23. Rxc8 Nxe4 24. Rxf8+ Kg7 25. Rg8+ Kf6 26. f4 Ke7
27. Qd8+ Kd6 28. Rd1+ Kc5 29. Qc7+ Kb4 30. Rd4# 1-0

[Event "Junior Online 4NCL Division 2"]
[Site "online"]
[Date "2020.10.29"]
[Round "6.18"]
[White "Shatapathy, Shrimukund"]
[Black "Valanju, Samit"]
[Result "0-1"]
[WhiteElo "1150"]
[BlackElo "1397"]
[PlyCount "54"]
[EventDate "2020.10.29"]
[WhiteTeam "Harrow Juniors D"]
[BlackTeam "May The Fork Be With You 2"]

1. e4 e6 2. Nf3 d5 3. exd5 exd5 4. Qe2+ Be6 5. Nd4 Qd7 6. Nb5 Be7 7. Nxc7+ Qxc7
8. Qb5+ Bd7 9. Qe2 Nf6 10. d4 O-O 11. Qf3 Re8 12. Be3 Bb4+ 13. c3 Bd6 14. Bd3
Nc6 15. O-O Bxh2+ 16. Kh1 Bd6 17. g3 Bh3 18. Rg1 Bg4 19. Qg2 b5 20. f3 Bd7 21.
Qh2 a6 22. Bg5 g6 23. Bxf6 Re6 24. Bg7 Kxg7 25. g4 Bxh2 26. Rg2 Re1+ 27. Rg1
Rxg1# 0-1

[Event "Junior Online 4NCL Division 2"]
[Site "online"]
[Date "2020.10.29"]
[Round "6.21"]
[White "Stapleton, Dean"]
[Black "Jaberansari, Benjamin"]
[Result "1-0"]
[WhiteElo "1457"]
[BlackElo "1375"]
[PlyCount "51"]
[EventDate "2020.10.29"]
[WhiteTeam "Robin Hoods 1"]
[BlackTeam "St John's College B"]

1. d4 d5 2. Bf4 Nc6 3. Nf3 Nf6 4. e3 Bg4 5. Bd3 e6 6. c3 a6 7. Nbd2 Bd6 8. Bg3
Bxg3 9. hxg3 h6 10. Qc2 O-O 11. a4 b5 12. axb5 axb5 13. Rxa8 Qxa8 14. O-O Qa5
15. b4 Qb6 16. Re1 Ra8 17. Ne5 Ra3 18. Nxg4 Nxg4 19. e4 Qa7 20. exd5 Ra1 21.
Nb1 Ra2 22. Bh7+ Kf8 23. Qe4 Nxf2 24. Qf3 exd5 25. Bg6 f6 26. Re8# 1-0

[Event "Junior Online 4NCL Division 2"]
[Site "online"]
[Date "2020.10.29"]
[Round "6.22"]
[White "Nukalapati, Sarthak"]
[Black "Griffin-Young, Sebastian"]
[Result "0-1"]
[WhiteElo "1232"]
[BlackElo "1390"]
[PlyCount "84"]
[EventDate "2020.10.29"]
[WhiteTeam "St John's College B"]
[BlackTeam "Robin Hoods 1"]

1. e4 e5 2. Nf3 Nc6 3. Nc3 Nf6 4. d4 exd4 5. Nxd4 Bb4 6. Nxc6 bxc6 7. Bd3 Qe7
8. O-O Bxc3 9. bxc3 d5 10. Bg5 Qe5 11. f4 Qxc3 12. e5 Ng4 13. Qe2 Qd4+ 14. Kh1
Ne3 15. Qf2 c5 16. Rfe1 Ng4 17. Qxd4 cxd4 18. Kg1 Ne3 19. Rab1 O-O 20. c3 c5
21. Be7 Re8 22. Bxc5 Nf5 23. cxd4 Be6 24. g4 Nh4 25. f5 Nf3+ 26. Kf2 Nxe1 27.
fxe6 Nxd3+ 28. Kg1 Nxc5 29. exf7+ Kxf7 30. dxc5 Rxe5 31. Rb7+ Kg6 32. c6 Rc8
33. c7 Re2 34. Rxa7 d4 35. Kf1 d3 36. a4 Rf8+ 37. Kg1 d2 38. Ra6+ Kg5 39. Ra5+
Kh4 40. Rd5 Re1+ 41. Kg2 d1=Q 42. c8=Q Qxd5# 0-1

[Event "Junior Online 4NCL Division 2"]
[Site "online"]
[Date "2020.10.29"]
[Round "6.23"]
[White "Wood, Ethan"]
[Black "Anandkumar, Govind"]
[Result "0-1"]
[WhiteElo "1375"]
[BlackElo "1217"]
[PlyCount "48"]
[EventDate "2020.10.29"]
[WhiteTeam "Robin Hoods 1"]
[BlackTeam "St John's College B"]

1. e4 e6 2. d4 d5 3. e5 c5 4. c3 Nc6 5. dxc5 Bxc5 6. Nf3 f6 7. Be3 Bxe3 8. fxe3
fxe5 9. Nbd2 Nf6 10. Qe2 O-O 11. O-O-O Qb6 12. g3 Bd7 13. Bh3 Rac8 14. Ng5 Rfe8
15. Qd3 d4 16. exd4 exd4 17. cxd4 Nb4+ 18. Qc3 Nxa2+ 19. Kc2 Nxc3 20. bxc3 Ba4+
21. Kd3 Qb5+ 22. Ke3 Qxg5+ 23. Ke2 Qh5+ 24. g4 Qxh3 0-1

[Event "Junior Online 4NCL Division 2"]
[Site "online"]
[Date "2020.10.29"]
[Round "6.24"]
[White "Sequeira, Robert"]
[Black "Pitts, Daniel"]
[Result "1-0"]
[WhiteElo "1232"]
[BlackElo "1352"]
[PlyCount "91"]
[EventDate "2020.10.29"]
[WhiteTeam "St John's College B"]
[BlackTeam "Robin Hoods 1"]

1. e4 e5 2. Nf3 Nc6 3. Nc3 Bc5 4. Bc4 d6 5. d3 h6 6. h3 Nf6 7. O-O Qe7 8. Be3
Bxe3 9. fxe3 Be6 10. Bb3 Bxb3 11. axb3 O-O 12. Re1 a6 13. Qd2 Rad8 14. d4 exd4
15. exd4 Qd7 16. d5 Ne5 17. Qf2 Nxf3+ 18. Qxf3 Rfe8 19. Re3 Re7 20. Rae1 Rde8
21. Qf4 Re5 22. Rg3 R8e7 23. Qxf6 Rg5 24. Qf3 Rxg3 25. Qxg3 f5 26. exf5 Rxe1+
27. Qxe1 Qxf5 28. Qe8+ Kh7 29. Qe4 Qxe4 30. Nxe4 Kg6 31. Kf2 Kf5 32. Nc3 Ke5
33. Ke3 b5 34. b4 g5 35. g4 Kf6 36. Ke4 Kg6 37. Ne2 Kf6 38. Nd4 Ke7 39. Kf5 Kd7
40. Kg6 c5 41. dxc6+ Kc7 42. Kxh6 Kb6 43. c3 d5 44. Kxg5 a5 45. h4 axb4 46.
cxb4 1-0

[Event "Junior Online 4NCL Division 2"]
[Site "online"]
[Date "2020.10.29"]
[Round "6.25"]
[White "Jaberansari, Benjamin"]
[Black "Stapleton, Dean"]
[Result "1-0"]
[WhiteElo "1375"]
[BlackElo "1457"]
[PlyCount "35"]
[EventDate "2020.10.29"]
[WhiteTeam "St John's College B"]
[BlackTeam "Robin Hoods 1"]

1. e4 e5 2. Nf3 Nc6 3. Nc3 Bc5 4. Nxe5 Nxe5 5. d4 Bxd4 6. Qxd4 d6 7. Bf4 Qf6 8.
Bxe5 dxe5 9. Qd5 Be6 10. Qxb7 Rd8 11. Bb5+ Bd7 12. Nd5 Qg6 13. Bxd7+ Rxd7 14.
Qb8+ Rd8 15. Nxc7+ Kd7 16. O-O-O+ Kc6 17. Rxd8 Qe6 18. Nxe6 1-0

[Event "Junior Online 4NCL Division 2"]
[Site "online"]
[Date "2020.10.29"]
[Round "6.26"]
[White "Griffin-Young, Sebastian"]
[Black "Nukalapati, Sarthak"]
[Result "0-1"]
[WhiteElo "1390"]
[BlackElo "1232"]
[PlyCount "98"]
[EventDate "2020.10.29"]
[WhiteTeam "Robin Hoods 1"]
[BlackTeam "St John's College B"]

1. Nf3 Nf6 2. e3 d5 3. Be2 Nc6 4. d4 e6 5. c4 Be7 6. Nc3 O-O 7. O-O Ne4 8. Qc2
Nxc3 9. bxc3 dxc4 10. Bxc4 Bd7 11. Bd3 f5 12. Ne5 Nxe5 13. dxe5 Bc6 14. Bc4 Bd5
15. Rd1 Qc8 16. Qb3 Bxc4 17. Qxc4 Kh8 18. Bb2 a6 19. Rd3 b5 20. Qb3 c5 21. c4
Rb8 22. Ba3 b4 23. Bb2 a5 24. Rad1 Ra8 25. a4 Rb8 26. Rd7 Bd8 27. Qd3 h6 28.
Qd6 Re8 29. Rd3 Rb6 30. Rxd8 Rxd6 31. Rxc8 Rxd3 32. Rxe8+ Kh7 33. g3 Rd2 34.
Bc1 Rd1+ 35. Kg2 Rxc1 36. Kf3 Rxc4 37. Rxe6 Re4 38. Ra6 b3 39. Rxa5 c4 40. Rb5
c3 41. Rxb3 Rc4 42. a5 c2 43. a6 c1=Q 44. Ke2 Qc2+ 45. Ke1 Qxb3 46. Ke2 Qa4 47.
a7 Qxa7 48. e6 Qa2+ 49. Kd3 Qc2# 0-1

[Event "Junior Online 4NCL Division 2"]
[Site "online"]
[Date "2020.10.29"]
[Round "6.27"]
[White "Anandkumar, Govind"]
[Black "Wood, Ethan"]
[Result "1-0"]
[WhiteElo "1217"]
[BlackElo "1375"]
[PlyCount "67"]
[EventDate "2020.10.29"]
[WhiteTeam "St John's College B"]
[BlackTeam "Robin Hoods 1"]

1. e4 e5 2. Nf3 Nc6 3. Bc4 Nf6 4. d3 Bc5 5. Bg5 h6 6. Bh4 d6 7. h3 O-O 8. O-O
Qd7 9. Bxf6 gxf6 10. Qd2 Kh7 11. Nc3 Ne7 12. Rad1 Ng6 13. Nd5 Kg7 14. Nh2 c6
15. Nc3 Bd4 16. Ng4 Rh8 17. Qe2 b5 18. Bb3 Bxc3 19. bxc3 Bb7 20. Qf3 Qe7 21. d4
Rad8 22. dxe5 dxe5 23. Rxd8 Qxd8 24. Rd1 Qe7 25. Qf5 Bc8 26. Qf3 Bxg4 27. Qxg4
Rd8 28. Rxd8 Qxd8 29. Qe2 Nf4 30. Qe3 Qd1+ 31. Kh2 Qd6 32. Qxa7 Qd2 33. Qxf7+
Kh8 34. Qg8# 1-0

[Event "Junior Online 4NCL Division 2"]
[Site "online"]
[Date "2020.10.29"]
[Round "6.28"]
[White "Pitts, Daniel"]
[Black "Sequeira, Robert"]
[Result "0-1"]
[WhiteElo "1352"]
[BlackElo "1232"]
[PlyCount "134"]
[EventDate "2020.10.29"]
[WhiteTeam "Robin Hoods 1"]
[BlackTeam "St John's College B"]

1. e4 e5 2. Nf3 Nc6 3. Bc4 h6 4. Nc3 Nf6 5. d3 Bc5 6. a3 d6 7. h3 O-O 8. Nd5
Bd7 9. Be3 Bb6 10. Nxb6 axb6 11. O-O Be6 12. Bxe6 fxe6 13. d4 Nxe4 14. dxe5
dxe5 15. Qxd8 Raxd8 16. Rfe1 Nf6 17. c4 Rd7 18. b4 Re8 19. b5 Nd4 20. Nxd4 exd4
21. Bf4 Nh5 22. Bh2 Nf6 23. Rad1 Ree7 24. Be5 Ne8 25. Bxd4 Nd6 26. Rc1 Nf5 27.
Be3 Rd3 28. c5 bxc5 29. Bxc5 Re8 30. Ra1 Rc3 31. Bb4 Rc4 32. g4 Nd4 33. Re4 e5
34. f4 Nf3+ 35. Kf2 Rxe4 36. Kxf3 exf4 37. h4 b6 38. g5 hxg5 39. hxg5 R4e5 40.
Kxf4 Rxb5 41. Re1 Rxe1 42. Bxe1 Kf7 43. Bb4 g6 44. Bd2 Rd5 45. Bc3 Rd3 46. Be5
c6 47. Bc7 b5 48. Bd6 Rxd6 49. Ke5 Re6+ 50. Kd4 Re1 51. Kc5 Rc1+ 52. Kb4 Rc4+
53. Ka5 Rc5 54. Kb6 Rxg5 55. Kxc6 Rf5 56. Kb6 Kf6 57. Ka5 g5 58. a4 bxa4+ 59.
Kxa4 Rc5 60. Kb3 g4 61. Kb4 Rc8 62. Kb5 g3 63. Kb6 g2 64. Kb7 Rc2 65. Kb8 g1=R
66. Kb7 Rb1+ 67. Ka6 Ra2# 0-1

[Event "Junior Online 4NCL Division 2"]
[Site "online"]
[Date "2020.10.29"]
[Round "6.31"]
[White "Purushothaman, Amitesh"]
[Black "McAndrew, Rory"]
[Result "1-0"]
[WhiteElo "1360"]
[BlackElo "1375"]
[PlyCount "65"]
[EventDate "2020.10.29"]
[WhiteTeam "Warwickshire Bears D"]
[BlackTeam "Ojays E"]

1. d4 d5 2. c4 Nf6 3. Nc3 e6 4. cxd5 exd5 5. Bg5 h6 6. Bxf6 Qxf6 7. Nxd5 Qd6 8.
Nc3 Qb4 9. Rb1 Be6 10. a3 Qc4 11. e3 Qc6 12. Bb5 Qd7 13. Bxd7+ Nxd7 14. Nge2
Bg4 15. f3 Bf5 16. Rc1 O-O-O 17. Nb5 Bd6 18. Nxd6+ Kb8 19. Nxf5 Nb6 20. Qc2 c6
21. O-O Nd5 22. Qd3 g6 23. Nfg3 h5 24. Nc3 Nxc3 25. Qxc3 Rd5 26. Ne4 f5 27. Nf6
Rd6 28. d5 Rf8 29. dxc6 Rfxf6 30. c7+ Kc8 31. Rfd1 Rxd1+ 32. Rxd1 Rf7 33. Rd8#
1-0

[Event "Junior Online 4NCL Division 2"]
[Site "online"]
[Date "2020.10.29"]
[Round "6.32"]
[White "Deeke, James"]
[Black "Alexander, Ryan"]
[Result "1/2-1/2"]
[WhiteElo "1345"]
[BlackElo "1405"]
[PlyCount "159"]
[EventDate "2020.10.29"]
[WhiteTeam "Ojays E"]
[BlackTeam "Warwickshire Bears D"]

1. e4 e5 2. Nf3 Nc6 3. Bb5 d6 4. h3 Bd7 5. d3 a6 6. Ba4 b5 7. Bb3 h6 8. O-O Nf6
9. Re1 Be7 10. Nc3 O-O 11. Nd5 Nxd5 12. Bxd5 Rb8 13. c3 Qc8 14. Bxc6 Bxc6 15.
d4 Rd8 16. d5 Bd7 17. Qc2 Rf8 18. b3 c6 19. Bb2 c5 20. a4 Bf6 21. axb5 axb5 22.
Rec1 c4 23. Ba3 Be7 24. bxc4 bxc4 25. Nxe5 dxe5 26. Bxe7 Re8 27. d6 f6 28. Qe2
Qc6 29. Re1 Rb3 30. Rac1 Reb8 31. Qe3 Kh7 32. Qe2 Rb2 33. Qh5 Qc5 34. Rf1 g6
35. Qh4 g5 36. Qh5 Be8 37. Qf3 Bg6 38. Qxf6 R2b6 39. d7 Rxf6 40. Bxc5 Rf7 41.
Rcd1 Rd8 42. Bb6 Rdxd7 43. Rxd7 Rxd7 44. Re1 Rd3 45. Bc7 Rxc3 46. Bxe5 Rb3 47.
f3 c3 48. Rc1 Be8 49. Bxc3 Bb5 50. Kh2 Kg6 51. Be5 h5 52. f4 g4 53. hxg4 hxg4
54. Rf1 Bxf1 55. f5+ Kg5 56. f6 Bc4 57. g3 Re3 58. Bf4+ Kxf6 59. Bxe3 Ke5 60.
Bf4+ Kxe4 61. Kg2 Bd5 62. Kf2 Kf5 63. Ke3 Bc6 64. Kd4 Bf3 65. Kc5 Ke4 66. Kd6
Bg2 67. Ke6 Kf3 68. Kf5 Bh3 69. Kg5 Kg2 70. Kf5 Kf3 71. Kg5 Bf1 72. Kh4 Bc4 73.
Kg5 Bd5 74. Kh4 Bf7 75. Kg5 Be6 76. Kf6 Bc8 77. Kg5 Bd7 78. Kh4 Be8 79. Kg5 Bf7
80. Kf6 1/2-1/2

[Event "Junior Online 4NCL Division 2"]
[Site "online"]
[Date "2020.10.29"]
[Round "6.33"]
[White "Miller, Kai"]
[Black "Conlon, Alexander"]
[Result "1-0"]
[WhiteElo "1382"]
[BlackElo "1285"]
[PlyCount "51"]
[EventDate "2020.10.29"]
[WhiteTeam "Warwickshire Bears D"]
[BlackTeam "Ojays E"]

1. e4 g6 2. d4 Bg7 3. Nc3 e6 4. Nf3 Ne7 5. Be3 O-O 6. Bd3 d5 7. e5 c5 8. O-O
Nbc6 9. Bb5 a6 10. Ba4 b5 11. Nxb5 axb5 12. Bxb5 Rb8 13. Be2 Rxb2 14. Qd2 Rb8
15. Bg5 Qd7 16. Bf6 Qc7 17. Qg5 Kh8 18. Bd3 Ng8 19. dxc5 Re8 20. Rab1 Rxb1 21.
Rxb1 Nxf6 22. exf6 Bf8 23. Bb5 Bxc5 24. Qh6 Rg8 25. Ng5 Rg7 26. Qxg7# 1-0

[Event "Junior Online 4NCL Division 2"]
[Site "online"]
[Date "2020.10.29"]
[Round "6.34"]
[White "Houlihan, Elisabeth"]
[Black "Sagyaman, Vassily M"]
[Result "1-0"]
[WhiteElo "1285"]
[BlackElo "1345"]
[PlyCount "27"]
[EventDate "2020.10.29"]
[WhiteTeam "Ojays E"]
[BlackTeam "Warwickshire Bears D"]

1. d4 d5 2. c4 Nf6 3. cxd5 Nxd5 4. e4 Nb6 5. Nc3 e6 6. Nf3 Bb4 7. a3 Be7 8. Bd3
O-O 9. Nd2 Nc6 10. Nb3 Bd7 11. Qg4 h6 12. Bxh6 Bf6 13. e5 Be7 14. Qxg7# 1-0

[Event "Junior Online 4NCL Division 2"]
[Site "online"]
[Date "2020.10.29"]
[Round "6.35"]
[White "McAndrew, Rory"]
[Black "Purushothaman, Amitesh"]
[Result "0-1"]
[WhiteElo "1375"]
[BlackElo "1360"]
[PlyCount "74"]
[EventDate "2020.10.29"]
[WhiteTeam "Ojays E"]
[BlackTeam "Warwickshire Bears D"]

1. e4 c5 2. Nf3 e6 3. Bc4 d5 4. exd5 exd5 5. Bb5+ Bd7 6. Bd3 Nf6 7. Nc3 Bd6 8.
Qe2+ Be7 9. Qe3 d4 10. Qg5 dxc3 11. Qxg7 Rg8 12. Qh6 cxd2+ 13. Bxd2 Nc6 14.
O-O-O Rh8 15. Rhe1 Be6 16. Ng5 Bf8 17. Qh4 Qe7 18. Bb5 h6 19. Nxe6 fxe6 20. Bc4
O-O-O 21. Bxe6+ Kb8 22. Bc4 Qg7 23. Bf4+ Ka8 24. Rxd8+ Nxd8 25. Qh3 Qg4 26. Qc3
Qxf4+ 27. Re3 Bg7 28. Qb3 Re8 29. g3 Qg5 30. f4 Qf5 31. Re5 Rxe5 32. fxe5 Qg5+
33. Kb1 Qxe5 34. a3 Ne4 35. Bd3 Nd2+ 36. Ka2 Nxb3 37. cxb3 Qxb2# 0-1

[Event "Junior Online 4NCL Division 2"]
[Site "online"]
[Date "2020.10.29"]
[Round "6.36"]
[White "Alexander, Ryan"]
[Black "Deeke, James"]
[Result "1-0"]
[WhiteElo "1405"]
[BlackElo "1345"]
[PlyCount "53"]
[EventDate "2020.10.29"]
[WhiteTeam "Warwickshire Bears D"]
[BlackTeam "Ojays E"]

1. e4 e5 2. Nf3 Nc6 3. Bc4 Nf6 4. Nc3 Be7 5. O-O d6 6. h3 O-O 7. d3 h6 8. Be3
Re8 9. Nd5 Nxd5 10. Bxd5 Nd4 11. Nxd4 exd4 12. Bxd4 c6 13. Bb3 d5 14. exd5 cxd5
15. Qf3 Be6 16. Rfd1 b5 17. Re1 a5 18. a4 bxa4 19. Bxa4 Bd7 20. Bb3 Bc6 21. Qg3
Bf6 22. Rxe8+ Qxe8 23. Bxf6 g6 24. Qh4 Qe6 25. Bc3 a4 26. Ba2 d4 27. Bxe6 1-0

[Event "Junior Online 4NCL Division 2"]
[Site "online"]
[Date "2020.10.29"]
[Round "6.37"]
[White "Conlon, Alexander"]
[Black "Miller, Kai"]
[Result "0-1"]
[WhiteElo "1285"]
[BlackElo "1382"]
[PlyCount "70"]
[EventDate "2020.10.29"]
[WhiteTeam "Ojays E"]
[BlackTeam "Warwickshire Bears D"]

1. c4 Nf6 2. Nc3 d6 3. g3 g6 4. Bg2 Bg7 5. e3 O-O 6. Nge2 Nbd7 7. O-O Nc5 8. d4
Ncd7 9. Qd2 c5 10. b3 a6 11. d5 Nh5 12. Bb2 f5 13. Nd1 Ne5 14. Ndc3 e6 15. Rfe1
Qf6 16. Rab1 g5 17. f4 gxf4 18. exf4 Ng4 19. Nd1 Qh6 20. Bxg7 Qxg7 21. Qb2 Qh6
22. Qc3 Nxh2 23. Kxh2 Nxf4+ 24. Kg1 Nxe2+ 25. Rxe2 exd5 26. cxd5 Qg6 27. Qf3 f4
28. gxf4 Qxb1 29. Qg3+ Kh8 30. Qc3+ Kg8 31. Rd2 Qg6 32. Qh3 Bxh3 33. Kf1 Rxf4+
34. Nf2 Qxg2+ 35. Ke1 Qf1# 0-1

[Event "Junior Online 4NCL Division 2"]
[Site "online"]
[Date "2020.10.29"]
[Round "6.38"]
[White "Sagyaman, Vassily M"]
[Black "Houlihan, Elisabeth"]
[Result "0-1"]
[WhiteElo "1345"]
[BlackElo "1285"]
[PlyCount "48"]
[EventDate "2020.10.29"]
[WhiteTeam "Warwickshire Bears D"]
[BlackTeam "Ojays E"]

1. e4 e5 2. Nf3 Nc6 3. Bc4 Bc5 4. O-O d6 5. c3 Qf6 6. d3 Nge7 7. Bg5 Qg6 8.
Nbd2 f6 9. Bh4 Bh3 10. Bg3 Bg4 11. h3 Bxf3 12. Nxf3 O-O-O 13. Qb3 Na5 14. Be6+
Kb8 15. Qc2 Nec6 16. Bb3 Nxb3 17. Qxb3 f5 18. exf5 Qxf5 19. Rfe1 Rde8 20. Rad1
e4 21. dxe4 Rxe4 22. Rxe4 Qxe4 23. Re1 Qf5 24. Qc4 Rf8 0-1

[Event "Junior Online 4NCL Division 2"]
[Site "online"]
[Date "2020.10.29"]
[Round "6.41"]
[White "Vitvitska, Vasylyna"]
[Black "Madhavan, Sanjith"]
[Result "1/2-1/2"]
[WhiteElo "1120"]
[BlackElo "1466"]
[PlyCount "78"]
[EventDate "2020.10.29"]
[WhiteTeam "St Albans Early Knights 3"]
[BlackTeam "East Kilbride Knights"]

1. e4 c6 2. d4 d5 3. e5 Bf5 4. Nf3 e6 5. a3 Nd7 6. Nc3 Ne7 7. Bg5 Qc7 8. Bd3
Bxd3 9. cxd3 a6 10. O-O h6 11. Bd2 Nf5 12. b4 Be7 13. Na4 O-O 14. Nc5 Nxc5 15.
dxc5 b6 16. d4 Rfb8 17. Rb1 a5 18. cxb6 Rxb6 19. bxa5 Rxb1 20. Qxb1 c5 21. Qb6
Qxb6 22. axb6 Rxa3 23. Rb1 Ra8 24. b7 Rb8 25. dxc5 Bxc5 26. Ba5 Ba7 27. Bc7 Re8
28. b8=Q Bxb8 29. Rxb8 Rxb8 30. Bxb8 h5 31. Kf1 f6 32. Ke2 Kf7 33. h3 Ne7 34.
Bd6 Nc6 35. exf6 Kxf6 36. Kd3 e5 37. Nd2 Ke6 38. Bf8 Kf7 39. Ba3 Ke6 1/2-1/2

[Event "Junior Online 4NCL Division 2"]
[Site "online"]
[Date "2020.10.29"]
[Round "6.42"]
[White "Shrestha, Unnabh"]
[Black "Jardzioch, Ernest"]
[Result "1-0"]
[WhiteElo "1084"]
[BlackElo "992"]
[PlyCount "115"]
[EventDate "2020.10.29"]
[WhiteTeam "East Kilbride Knights"]
[BlackTeam "St Albans Early Knights 3"]

1. d4 d5 2. Bf4 Bf5 3. e3 e6 4. Nf3 Nf6 5. c3 Bd6 6. Bg3 O-O 7. Bd3 Bg4 8. Nbd2
b6 9. Qc2 g6 10. O-O-O c5 11. Bxd6 Qxd6 12. h3 Bf5 13. Bxf5 exf5 14. g4 f4 15.
e4 Re8 16. e5 Qd8 17. exf6 Qxf6 18. g5 Qf5 19. Qxf5 gxf5 20. Rde1 Nc6 21. dxc5
Rxe1+ 22. Rxe1 bxc5 23. h4 d4 24. Ne5 dxc3 25. bxc3 Re8 26. Ndf3 Re6 27. Nxc6
Rxc6 28. Ne5 Re6 29. Nf3 Ra6 30. Re2 Kg7 31. h5 f6 32. Re7+ Kg8 33. gxf6 Rxf6
34. Rxa7 Rh6 35. a4 Rxh5 36. a5 Rh6 37. a6 Rf6 38. Ra8+ Kg7 39. a7 Rf8 40. Rxf8
Kxf8 41. a8=Q+ Kf7 42. Qb7+ Ke6 43. Qc6+ Kf7 44. Ng5+ Kg7 45. Qd7+ Kg6 46. Ne6
Kh5 47. Qxh7+ Kg4 48. Qg6+ Kf3 49. Qxf5 Kxf2 50. Qxf4+ Kg2 51. Ng5 Kg1 52. Nh3+
Kg2 53. Qf2+ Kxh3 54. Qg1 Kh4 55. Kd2 Kh3 56. Ke3 Kh4 57. Kf4 Kh3 58. Qg3# 1-0

[Event "Junior Online 4NCL Division 2"]
[Site "online"]
[Date "2020.10.29"]
[Round "6.43"]
[White "Saporenkova, Rita"]
[Black "Tandon, Ashley"]
[Result "0-1"]
[WhiteElo "977"]
[BlackElo "911"]
[PlyCount "132"]
[EventDate "2020.10.29"]
[WhiteTeam "St Albans Early Knights 3"]
[BlackTeam "East Kilbride Knights"]

1. e4 c6 2. Bc4 d5 3. exd5 cxd5 4. Bb5+ Nc6 5. Nf3 Bg4 6. h3 Bxf3 7. Qxf3 e5 8.
O-O Nf6 9. Nc3 a6 10. Bxc6+ bxc6 11. d3 h6 12. a3 Bd6 13. b4 O-O 14. Bb2 Re8
15. Qg3 e4 16. Qe3 d4 17. Qxd4 Bh2+ 18. Kxh2 Qxd4 19. dxe4 Nxe4 20. Nxe4 Qxb2
21. Ng3 Qxc2 22. Rfc1 Qxf2 23. Rxc6 Rec8 24. Rxc8+ Rxc8 25. Rf1 Qe3 26. a4 Rc3
27. Rf3 Qd2 28. Ne4 Rxf3 29. Nxd2 Rd3 30. Nc4 Rd4 31. Nb6 Rxb4 32. a5 Rb5 33.
Nc4 Rc5 34. Nb6 Rxa5 35. Nc4 Ra4 36. Nb6 Rb4 37. Nd5 Rd4 38. Ne7+ Kf8 39. Nf5
Ra4 40. h4 a5 41. g3 Ra2+ 42. Kh3 a4 43. Nd4 a3 44. Nb3 Rb2 45. Nc1 a2 46. Nxa2
Rxa2 47. g4 Ra3+ 48. Kg2 Ke7 49. g5 hxg5 50. hxg5 f6 51. gxf6+ gxf6 52. Kf2 f5
53. Ke2 f4 54. Kd2 f3 55. Ke1 Ra2 56. Kf1 f2 57. Kg2 Kf6 58. Kf1 Kf5 59. Kg2
Kg4 60. Kf1 Kf4 61. Kg2 Ke3 62. Kf1 Ra1+ 63. Kg2 f1=Q+ 64. Kg3 Qf3+ 65. Kh4 Qg2
66. Kh5 Rh1# 0-1

[Event "Junior Online 4NCL Division 2"]
[Site "online"]
[Date "2020.10.29"]
[Round "6.44"]
[White "Pardeshi, Prachi"]
[Black "Owladi, Maya"]
[Result "1-0"]
[WhiteElo "523"]
[BlackElo "797"]
[PlyCount "71"]
[EventDate "2020.10.29"]
[WhiteTeam "East Kilbride Knights"]
[BlackTeam "St Albans Early Knights 3"]

1. e4 e5 2. Nf3 Nc6 3. d4 d6 4. dxe5 dxe5 5. Qxd8+ Kxd8 6. Bb5 Bb4+ 7. c3 Be7
8. Bxc6 bxc6 9. Nxe5 f6 10. Nf7+ Ke8 11. Nxh8 Bd7 12. Bf4 Bd6 13. Bxd6 cxd6 14.
O-O Rb8 15. b4 c5 16. a3 cxb4 17. cxb4 Bc6 18. Re1 Kf8 19. Nc3 Rd8 20. Nd5 Nh6
21. Rac1 Be8 22. Rc7 a6 23. f4 Nf7 24. Nxf7 Bxf7 25. Rc6 Re8 26. Rxd6 h6 27. e5
fxe5 28. Rxe5 Rc8 29. h3 Rc1+ 30. Kh2 Rd1 31. Rd8+ Be8 32. Rdxe8+ Kf7 33. R8e7+
Kg6 34. f5+ Kg5 35. f6+ Kg6 36. Rxg7# 1-0

[Event "Junior Online 4NCL Division 2"]
[Site "online"]
[Date "2020.10.29"]
[Round "6.45"]
[White "Madhavan, Sanjith"]
[Black "Vitvitska, Vasylyna"]
[Result "1-0"]
[WhiteElo "1466"]
[BlackElo "1120"]
[PlyCount "77"]
[EventDate "2020.10.29"]
[WhiteTeam "East Kilbride Knights"]
[BlackTeam "St Albans Early Knights 3"]

1. e4 e5 2. Nf3 Nc6 3. Nc3 Nf6 4. Be2 Bc5 5. Nxe5 Nxe5 6. d4 Bxd4 7. Qxd4 Nc6
8. Qd3 Nb4 9. Qd1 d6 10. O-O O-O 11. a3 Nc6 12. Bg5 h6 13. Bh4 Ne5 14. Nd5 Ned7
15. Qd4 c6 16. Nxf6+ Nxf6 17. Bxf6 Qxf6 18. Qxf6 gxf6 19. Rad1 Rd8 20. Rd3 Kf8
21. Rfd1 Ke7 22. f4 b6 23. e5 fxe5 24. fxe5 Ba6 25. exd6+ Kf8 26. Re3 Bb7 27.
Bh5 Rd7 28. Bg4 Rdd8 29. Re7 c5 30. Rxb7 a5 31. Rxb6 Rac8 32. Bxc8 Rxc8 33. d7
Rd8 34. Rxh6 Ke7 35. Rh7 Rxd7 36. Rxf7+ Ke8 37. Rdxd7 a4 38. Ra7 Kd8 39. Rh7
1-0